तत्वनिष्ठेची जपणूक (Record no. 1343556)

MARC details
000 -LEADER
fixed length control field 00749nam a2200169Ia 4500
008 - FIXED-LENGTH DATA ELEMENTS--GENERAL INFORMATION
fixed length control field 151202s9999||||xx |||||||||||||| ||und||
082 ## - DEWEY DECIMAL CLASSIFICATION NUMBER
Item number PNVM-76897
100 ## - MAIN ENTRY--PERSONAL NAME
Personal name सोमनाथ चटर्जी /अनु-साठे शारदा
245 ## - TITLE STATEMENT
Title तत्वनिष्ठेची जपणूक
260 ## - PUBLICATION, DISTRIBUTION, ETC. (IMPRINT)
Name of publisher, distributor, etc "राजहंस प्रकाशन, पुणे "
260 ## - PUBLICATION, DISTRIBUTION, ETC. (IMPRINT)
Date of publication, distribution, etc 310
600 ## - SUBJECT ADDED ENTRY--PERSONAL NAME
Personal name सोमनाथ चटर्जी /अनु-साठे शारदा
630 ## - SUBJECT ADDED ENTRY--UNIFORM TITLE
Uniform title तत्वनिष्ठेची जपणूक
700 ## - ADDED ENTRY--PERSONAL NAME
Personal name सोमनाथ चटर्जी /अनु-साठे शारदा
730 ## - ADDED ENTRY--UNIFORM TITLE
Uniform title तत्वनिष्ठेची जपणूक
942 ## - ADDED ENTRY ELEMENTS (KOHA)
Koha item type Book
Holdings
Withdrawn status Lost status Damaged status Not for loan Home library Current library Date acquired Cost, normal purchase price Total Checkouts Full call number Barcode Date last seen Cost, replacement price Price effective from Koha item type
        Pune Nagar Vachan Mandir, Pune Pune Nagar Vachan Mandir, Pune 08/16/2015 0.00   PNVM-76897 PNVM-76897 12/02/2015 0.00 12/02/2015 Book